000 01339nam a22002297i 4500
999 _c22902
_d22902
003 AR-CdUCM
008 240514b20222022 pe||||| |||| 00| 0 spa d
020 _a978-612-49070-4-3
040 _aMUNICIPALIDAD PROVINCIAL DEL CUSCO
_cBIBLIOTECA MUNICIPAL DEL CUSCO
082 _a985.04 / V64R
_bV64R
100 _aVicuña Mackenna, Benjamín.
_929512
245 _aLa revolución de la independencia del Perú desde 1809 a 1819 /
260 _aLima :
_bMinisterio de Cultura del Perú,
_bProyecto Especial Bicentenario de la Independencia del Perú,
_c2022
300 _a223 páginas. :
_c20 cm.
505 _aLa independencia del Perú considerada en sí misma -- La independencia del Perú considerada en los hechos que la precedieron -- La independencia del Perú desde sus primeros levantamientos armados hasta los preparativos de la invasión de San Martín -- La independencia del Perú desde los primeros aprestos de la expedición de San Martín hasta la aparición en el Callao de la escuadra chilena
650 _aGuerra de Independencia, 1820-1829.
_949865
650 _aLa independencia del Perú considerada en sí misma
_949866
650 _aLa independencia del Perú considerada en los hechos que la precedieron
_949867
856 _fwww.bicentenario.gob.pe/biblioteca
942 _2ddc
_cLIBROS
945 _apbj
_d2024-05-14